000 nam a22 a 4500
999 _c422982
_d422982
003 BLK
005 20210706093507.0
008 210706b bul|||||r ||||||| ||bul||
010 _aKNG00002988RET
040 _aBLK
041 _aBUL
_cBUL
080 _aБългарска литература
_b821.163.2
_x-1
_z821.163.2-1
139 _aБрод
245 1 0 _aБрод
_bСтихотворен сборник
257 _aBGR
260 _aСофия
_bб. и.
_c1935
_fСофия : Бр. Миладинови
_9441842
300 _a112 с.
_c18 см
380 _aX
490 _aБиблиотека Литературен преглед
_9459497
500 _a1000 тир. (Цена в кумул.) : 35 лв
852 _aЦб 8.180.4203
_bЦб
856 4 _qpdf
_u
856 4 _qpdf
_u
942 _cKNG
_n0
_s1
944 _aCR
_c2021-07-06
_kА.М.